[Event "Dhaka Saarc op"]
[Site "Dhaka"]
[Date "2019.11.28"]
[Round "4"]
[White "Lamahewa, C."]
[Black "Shawket Bin, Osman Shaon"]
[Result "0-1"]
[WhiteElo "1895"]
[BlackElo "2006"]
[PlyCount "82"]
[EventDate "2019.11.25"]
[EventType "swiss"]
[EventRounds "9"]
[EventCountry "BAN"]
[SourceTitle "CBM 193 Extra"]
[Source "ChessBase"]
[SourceDate "2020.01.31"]
[SourceVersion "1"]
[SourceVersionDate "2020.01.31"]
[SourceQuality "1"]

1. d4 d5 2. Bf4 Nf6 3. e3 e6 4. Nd2 Bd6 5. Bg3 c5 6. c3 Qc7 7. Ngf3 Nbd7 8. Qa4 0-0 9. dxc5 Nxc5 10. Bxd6 Qxd6 11. Qd4 Qc7 12. Be2 b6 13. 0-0 Bb7 14. Ne5 Rad8 15. f3 Nfe4 16. Nb3 f6 17. Ng4 Nd6 18. Nxc5 bxc5 19. Qa4 Qb6 20. Qc2 c4 21. Qd2 Nf5 22. b3 h5 23. Nf2 Qxe3 24. Qc2 Qg5 25. Nh3 Qxg2+ 26. Kxg2 Ne3+ 27. Kf2 Nxc2 28. Rac1 Na3 29. Nf4 Kf7 30. Nxh5 Rh8 31. Nf4 Rxh2+ 32. Kg3 Rdh8 33. Rf2 R2h6 34. Rff1 g5 35. Ng2 f5 36. Rfd1 Kf6 37. bxc4 Nxc4 38. Bxc4 dxc4 39. Rd7 Rh3+ 40. Kf2 Rxf3+ 41. Ke2 Be4 0-1

[Event "Dhaka Saarc op"]
[Site "Dhaka"]
[Date "2019.11.25"]
[Round "1"]
[White "Roy, Prantik"]
[Black "Lamahewa, C."]
[Result "1-0"]
[WhiteElo "2349"]
[BlackElo "1895"]
[PlyCount "67"]
[EventDate "2019.11.25"]
[EventType "swiss"]
[EventRounds "9"]
[EventCountry "BAN"]
[SourceTitle "CBM 193 Extra"]
[Source "ChessBase"]
[SourceDate "2020.01.31"]
[SourceVersion "1"]
[SourceVersionDate "2020.01.31"]
[SourceQuality "1"]

1. d4 e6 2. c4 d5 3. Nf3 Nf6 4. Nc3 Be7 5. Bf4 0-0 6. e3 b6 7. Qc2 Bb7 8. Be2 Ne4 9. Nxe4 dxe4 10. Nd2 Bb4 11. 0-0-0 Bxd2+ 12. Rxd2 Qe7 13. f3 f5 14. Qc3 Re8 15. fxe4 Bxe4 16. Bf3 Bxf3 17. gxf3 Nc6 18. Bg3 a5 19. Kb1 e5 20. d5 Nb4 21. e4 f4 22. Bf2 Na6 23. d6 Qd7 24. Rhd1 c5 25. Rd5 Re6 26. Rxe5 Rxd6 27. Red5 Rxd5 28. cxd5 Re8 29. Qb3 Nb4 30. a3 Qb5 31. axb4 c4 32. Qa2 axb4 33. Bd4 Rc8 34. Qa7 1-0

[Event "Negambo op 4th"]
[Site "Negambo"]
[Date "2018.08.20"]
[Round "9"]
[White "Subasinghe, KRVR"]
[Black "Lamahewa, C."]
[Result "1-0"]
[WhiteElo "2030"]
[BlackElo "1842"]
[PlyCount "101"]
[EventDate "2018.08.16"]
[EventType "swiss"]
[EventRounds "10"]
[EventCountry "SRI"]
[SourceTitle "CBM 186 Extra"]
[Source "ChessBase"]
[SourceDate "2018.08.24"]
[SourceVersion "1"]
[SourceVersionDate "2018.08.24"]
[SourceQuality "1"]

1. e4 e6 2. d4 d5 3. exd5 exd5 4. Bd3 Nc6 5. c3 Bd6 6. Ne2 Qh4 7. Nd2 Bg4 8. Nf1 Nge7 9. Ne3 Bh5 10. g3 Qf6 11. f4 Bxe2 12. Qxe2 Qe6 13. f5 Qd7 14. Nxd5 0-0-0 15. Nxe7+ Nxe7 16. 0-0 Nd5 17. Qf3 Nf6 18. Bf4 Bxf4 19. Qxf4 c5 20. Rfd1 cxd4 21. Rac1 Qd6 22. cxd4+ Kb8 23. Qxd6+ Rxd6 24. Bc4 Rhd8 25. Bxf7 Rxd4 26. Rxd4 Rxd4 27. Be6 b5 28. Rc2 Ng4 29. Rc8+ Kb7 30. Rg8 Rd1+ 31. Kg2 Rd2+ 32. Kh3 Nf2+ 33. Kh4 Rd4+ 34. Kh5 g6+ 35. fxg6 hxg6+ 36. Kxg6 Ne4 37. Rg7+ Kb6 38. Rd7 Rb4 39. Bf5 Nc5 40. Rd2 Na4 41. b3 Nc3 42. h4 Nxa2 43. Rxa2 Rxb3 44. g4 a5 45. Rh2 a4 46. h5 Rc3 47. h6 Rc7 48. h7 Rxh7 49. Kxh7 b4 50. g5 a3 51. Bb1 1-0

[Event "Negambo op 4th"]
[Site "Negambo"]
[Date "2018.08.17"]
[Round "4"]
[White "Lamahewa, C."]
[Black "Jayasinghe, Joseph"]
[Result "1-0"]
[WhiteElo "1842"]
[BlackElo "1315"]
[PlyCount "91"]
[EventDate "2018.08.16"]
[EventType "swiss"]
[EventRounds "10"]
[EventCountry "SRI"]
[SourceTitle "CBM 186 Extra"]
[Source "ChessBase"]
[SourceDate "2018.08.24"]
[SourceVersion "1"]
[SourceVersionDate "2018.08.24"]
[SourceQuality "1"]

1. e4 e5 2. Nf3 Nc6 3. Bc4 Bc5 4. c3 Nf6 5. d4 exd4 6. cxd4 Bb4+ 7. Nc3 Nxe4 8. 0-0 Nxc3 9. bxc3 d5 10. cxb4 dxc4 11. d5 Ne7 12. Qd4 Qxd5 13. Qxg7 Rg8 14. Qf6 Qf5 15. Bg5 Qxf6 16. Bxf6 Rg6 17. Bxe7 Kxe7 18. Ne5 Rg7 19. Nxc4 Be6 20. Rfe1 Rag8 21. g3 f6 22. Na5 b6 23. Nc6+ Kf7 24. Nxa7 Ra8 25. Nb5 Rxa2 26. Nxc7 Rxa1 27. Rxa1 Bc4 28. Rc1 b5 29. Rd1 Kg6 30. Na6 Ra7 31. Rd6 h5 32. f4 Re7 33. Nc5 Kf5 34. Kf2 Re2+ 35. Kf3 Rxh2 36. Ne4 Be2+ 37. Ke3 Bc4 38. Rxf6+ Kg4 39. Nf2+ Kxg3 40. Rg6+ Kh4 41. f5 Bd5 42. f6 Rh3+ 43. Nxh3 Kxh3 44. Rg7 h4 45. f7 Bxf7 46. Rxf7 1-0

[Event "Negambo op 4th"]
[Site "Negambo"]
[Date "2018.08.17"]
[Round "3"]
[White "Perera, DGDS Vidarsha"]
[Black "Lamahewa, C."]
[Result "0-1"]
[WhiteElo "1190"]
[BlackElo "1842"]
[PlyCount "186"]
[EventDate "2018.08.16"]
[EventType "swiss"]
[EventRounds "10"]
[EventCountry "SRI"]
[SourceTitle "CBM 186 Extra"]
[Source "ChessBase"]
[SourceDate "2018.08.24"]
[SourceVersion "1"]
[SourceVersionDate "2018.08.24"]
[SourceQuality "1"]

1. d4 e6 2. Nf3 d5 3. e3 f5 4. Bd3 Nf6 5. c3 Bd6 6. Nbd2 0-0 7. 0-0 Nbd7 8. c4 c6 9. c5 Bc7 10. b3 Ne4 11. Bb2 Qf6 12. h3 Nexc5 13. Bc2 Ne4 14. Qe2 b6 15. Rfc1 Bb7 16. Bd3 a5 17. a4 g5 18. Ne1 Rf7 19. Bxe4 fxe4 20. f3 Ba6 21. Qf2 c5 22. Nc2 h5 23. Na3 h4 24. Nb5 Bg3 25. Qe2 Qg6 26. Rf1 Qh5 27. Qd1 Bxb5 28. axb5 Raf8 29. fxe4 Rxf1+ 30. Nxf1 Qf7 31. Qe2 Qf2+ 32. Qxf2 Rxf2 33. Rb1 dxe4 34. dxc5 Nxc5 35. Bd4 Nd7 36. Rc1 e5 37. Nxg3 hxg3 38. Rc8+ Rf8 39. Rxf8+ Kxf8 40. Bb2 Ke7 41. Ba3+ Ke6 42. Kf1 Nf6 43. Ke2 Nd5 44. Bb2 Nc7 45. Bc3 Nxb5 46. Be1 Nc7 47. Bxg3 b5 48. Kd2 Na6 49. h4 g4 50. h5 Nc5 51. Kc3 Nd7 52. Bh4 Nb6 53. Bg5 Nd5+ 54. Kd2 Kf5 55. h6 Kg6 56. g3 Nb4 57. Kc3 Nc6 58. Kb2 Nb4 59. Ka3 Nc6 60. Kb2 Nb4 61. Kc3 Nd3 62. Kd2 Nc5 63. Kc3 Ne6 64. h7 Kxh7 65. Bf6 Kg6 66. Bxe5 Kf5 67. Bd6 Kf6 68. Bb8 Nd8 69. Bc7 Nc6 70. Bb6 Ke5 71. Bc7+ Kd5 72. Bb6 Kd6 73. Bd4 Ne7 74. Ba7 Nf5 75. Bb8+ Kd5 76. Bf4 Kc5 77. Bb8 Ne7 78. Be5 Nd5+ 79. Kd2 Kb4 80. Bd4 Kxb3 81. Ke2 Kc2 82. Bc5 b4 83. Bd4 a4 84. Kf2 Kd2 85. Bc5 a3 86. Bd4 b3 87. Bc5 a2 88. Bd4 Nc3 89. Bxc3+ Kxc3 90. Kg2 a1Q 91. Kh2 b2 92. Kg2 b1Q 93. Kf2 Qbb2# 0-1

[Event "Negambo op 4th"]
[Site "Negambo"]
[Date "2018.08.16"]
[Round "2"]
[White "Lamahewa, C."]
[Black "Randula, RA Lakithu Manesh"]
[Result "1-0"]
[WhiteElo "1842"]
[BlackElo "1015"]
[PlyCount "115"]
[EventDate "2018.08.16"]
[EventType "swiss"]
[EventRounds "10"]
[EventCountry "SRI"]
[SourceTitle "CBM 186 Extra"]
[Source "ChessBase"]
[SourceDate "2018.08.24"]
[SourceVersion "1"]
[SourceVersionDate "2018.08.24"]
[SourceQuality "1"]

1. e4 e5 2. Bc4 Nf6 3. Nf3 d6 4. Ng5 d5 5. exd5 Nxd5 6. Qf3 Qxg5 7. Bxd5 Qf6 8. Qe3 Bd6 9. Nc3 c6 10. Ne4 Qe7 11. Bb3 0-0 12. 0-0 Bf5 13. Nxd6 Qxd6 14. Re1 e4 15. Qg5 Qg6 16. Qh4 Nd7 17. Re3 Qf6 18. Qf4 Bg6 19. Qg3 Qe5 20. Qxe5 Nxe5 21. f3 Rae8 22. fxe4 Ng4 23. Re1 Rxe4 24. Rxe4 Bxe4 25. d3 Bf5 26. h3 Nf6 27. Bg5 Be6 28. c4 Bf5 29. Bxf6 gxf6 30. d4 Rd8 31. d5 cxd5 32. cxd5 Kf8 33. g4 Be4 34. Re1 Bd3 35. Kf2 f5 36. Rd1 Be4 37. Ke3 Re8 38. Kf4 fxg4 39. hxg4 Bg6 40. d6 h5 41. gxh5 Bxh5 42. Rh1 Rd8 43. Rxh5 Rxd6 44. Rf5 f6 45. Rd5 Rxd5 46. Bxd5 b6 47. Kf5 Ke7 48. Bc4 Kd6 49. Kxf6 Kc5 50. Bf7 a5 51. Ke5 b5 52. Ke4 Kb4 53. Kd4 a4 54. a3+ Ka5 55. Kc5 Ka6 56. Bd5 Ka5 57. Bb7 b4 58. axb4# 1-0

[Event "SRI-chB"]
[Site "Colombo"]
[Date "2016.03.13"]
[Round "4"]
[White "Doluweera, Minul Sanjula"]
[Black "Lamahewa, C."]
[Result "1-0"]
[WhiteElo "2112"]
[BlackElo "1854"]
[PlyCount "81"]
[EventDate "2016.03.12"]
[EventType "swiss"]
[EventRounds "10"]
[EventCountry "SRI"]
[SourceTitle "CBM 171 Extra"]
[Source "ChessBase"]
[SourceDate "2016.04.26"]
[SourceVersion "1"]
[SourceVersionDate "2016.04.26"]
[SourceQuality "1"]

1. c4 e6 2. Nc3 d5 3. d4 c6 4. Nf3 f5 5. Bf4 Nf6 6. e3 Bd6 7. Bxd6 Qxd6 8. Bd3 0-0 9. 0-0 g6 10. Ne5 Nbd7 11. f4 Ne4 12. Bxe4 fxe4 13. c5 Qc7 14. Nxd7 Qxd7 15. Qe1 b6 16. b4 Ba6 17. Rf2 Bd3 18. Rb2 bxc5 19. bxc5 Rab8 20. Nd1 Qc7 21. Rd2 Rb7 22. Nf2 Ba6 23. Ng4 Rfb8 24. h4 Bd3 25. Kh2 Rb1 26. Rxb1 Rxb1 27. Rd1 Rb2 28. Ne5 Rxa2 29. Qg3 Kg7 30. h5 Be2 31. hxg6 h6 32. Rg1 Rb2 33. Qh4 Rb7 34. Re1 Bb5 35. Qh5 Qe7 36. Ng4 a5 37. Kg3 Rb8 38. Qxh6+ Kg8 39. Rh1 Qg7 40. Qh7+ Qxh7 41. Rxh7 1-0

[Event "Penang op-B 7th"]
[Site "Penang"]
[Date "2015.12.11"]
[Round "8"]
[White "Lamahewa, C."]
[Black "Tan, Jun Hao"]
[Result "1-0"]
[WhiteElo "1850"]
[BlackElo "1971"]
[PlyCount "79"]
[EventDate "2015.12.07"]
[EventType "swiss"]
[EventRounds "9"]
[EventCountry "MAS"]
[SourceTitle "CBM 170 Extra"]
[Source "ChessBase"]
[SourceDate "2016.02.25"]
[SourceVersion "1"]
[SourceVersionDate "2016.02.25"]
[SourceQuality "1"]

1. e4 e5 2. Nf3 Nc6 3. c3 d5 4. exd5 Qxd5 5. d4 exd4 6. cxd4 Nf6 7. a3 Bg4 8. Be2 Be7 9. Nc3 Qf5 10. h3 Bxf3 11. Bxf3 0-0 12. 0-0 Rad8 13. Bxc6 bxc6 14. Qa4 c5 15. Be3 cxd4 16. Bxd4 Qf4 17. Bxa7 Qxa4 18. Nxa4 Rd5 19. Be3 Ra8 20. Nc3 Rd3 21. Rfd1 Rad8 22. Rxd3 Rxd3 23. Rd1 Rxd1+ 24. Nxd1 Nd5 25. Kf1 f5 26. Ke2 Kf7 27. Kd3 Ke6 28. Nc3 c5 29. Kc4 Nb6+ 30. Kb5 Nd7 31. a4 g5 32. a5 f4 33. a6 fxe3 34. fxe3 Bd8 35. Na4 Nf6 36. Nxc5+ Ke7 37. a7 Nd5 38. Kc6 Nc7 39. Kb7 Kd6 40. Na6 1-0

[Event "Penang op-B 7th"]
[Site "Penang"]
[Date "2015.12.10"]
[Round "6"]
[White "Mohd Radzuan, Muhd Harith Farhan"]
[Black "Lamahewa, C."]
[Result "0-1"]
[WhiteElo "1618"]
[BlackElo "1850"]
[PlyCount "84"]
[EventDate "2015.12.07"]
[EventType "swiss"]
[EventRounds "9"]
[EventCountry "MAS"]
[SourceTitle "CBM 170 Extra"]
[Source "ChessBase"]
[SourceDate "2016.02.25"]
[SourceVersion "1"]
[SourceVersionDate "2016.02.25"]
[SourceQuality "1"]

1. e4 e6 2. d4 b6 3. Nc3 Bb7 4. Nf3 Bb4 5. Bd3 Nf6 6. Bg5 h6 7. Bxf6 Qxf6 8. 0-0 0-0 9. a3 Bxc3 10. bxc3 d5 11. e5 Qe7 12. a4 c5 13. a5 c4 14. Be2 Nc6 15. axb6 axb6 16. Rxa8 Rxa8 17. Qb1 Ra6 18. Qb2 Qa3 19. Rb1 Qa5 20. Nd2 Nxd4 21. cxd4 Qxd2 22. Bf1 Bc6 23. c3 Qxb2 24. Rxb2 b5 25. f4 Ra3 26. Rc2 Kf8 27. Kf2 Ke7 28. Ke2 Kd7 29. Kd2 Kc7 30. Be2 Kb6 31. Rb2 Ka5 32. Kc2 Ra4 33. g4 b4 34. cxb4+ Rxb4 35. f5 Ba4+ 36. Kc3 Rxb2 37. Kxb2 Kb4 38. h4 c3+ 39. Kc1 c2 40. f6 g5 41. Bd3 gxh4 42. Bg6 h3 0-1

[Event "Penang op-B 7th"]
[Site "Penang"]
[Date "2015.12.09"]
[Round "5"]
[White "Lamahewa, C."]
[Black "Tin, Jingshun"]
[Result "1-0"]
[WhiteElo "1850"]
[BlackElo "1399"]
[PlyCount "57"]
[EventDate "2015.12.07"]
[EventType "swiss"]
[EventRounds "9"]
[EventCountry "MAS"]
[SourceTitle "CBM 170 Extra"]
[Source "ChessBase"]
[SourceDate "2016.02.25"]
[SourceVersion "1"]
[SourceVersionDate "2016.02.25"]
[SourceQuality "1"]

1. e4 c5 2. c3 Nf6 3. e5 Nd5 4. d4 cxd4 5. cxd4 Nc6 6. Bc4 Nb6 7. Bb3 e6 8. Nf3 d6 9. Bf4 dxe5 10. Bxe5 Bb4+ 11. Nc3 0-0 12. 0-0 Bd6 13. Qe2 Bxe5 14. dxe5 Qe7 15. Rad1 Bd7 16. Ne4 Nb4 17. Nfg5 h6 18. Qh5 N4d5 19. Nh3 Bc6 20. Rd3 Nf4 21. Nxf4 Bxe4 22. Rg3 Kh7 23. Qg4 g5 24. Nxe6 fxe6 25. Qxe4+ Kg7 26. Bc2 Rf5 27. Qe2 Rff8 28. Qh5 Qf7 29. Rxg5+ 1-0

[Event "Ambalangoda Dhamso op 3rd"]
[Site "Ambalangoda"]
[Date "2013.02.23"]
[Round "6"]
[White "Lorensuhewa, Prasanjith Chanaka"]
[Black "Lamahewa, C."]
[Result "1-0"]
[WhiteElo "1637"]
[BlackElo "1862"]
[PlyCount "77"]
[EventDate "2013.02.21"]
[EventType "swiss"]
[EventRounds "9"]
[EventCountry "SRI"]
[SourceTitle "CBM 153 Extra"]
[Source "ChessBase"]
[SourceDate "2013.04.22"]
[SourceVersion "1"]
[SourceVersionDate "2013.04.22"]
[SourceQuality "1"]

1. Nf3 b5 2. d4 Bb7 3. Bf4 Nf6 4. e3 a6 5. c4 bxc4 6. Bxc4 d5 7. Qb3 Bc6 8. Bd3 Ra7 9. Ne5 Ba8 10. 0-0 Nh5 11. Rc1 Nxf4 12. exf4 c6 13. Nc3 f6 14. Nf3 e6 15. f5 Rb7 16. Qc2 exf5 17. Bxf5 g6 18. Bd3 Kf7 19. Re1 Bh6 20. Na4 Bf8 21. Re2 Re7 22. Rae1 Rxe2 23. Qxe2 Qe7 24. Qc2 Qa7 25. Qd2 a5 26. Qf4 Kg7 27. Re6 Nd7 28. Nh4 Kf7 29. Qe3 Qb8 30. f4 Bd6 31. f5 g5 32. Ng6 hxg6 33. fxg6+ Kf8 34. h3 Bf4 35. g7+ Kxg7 36. Re7+ Kh6 37. Qe6 Bh2+ 38. Kh1 Qd6 39. Qg8 1-0

[Event "World School-ch U17 8th"]
[Site "Iasi"]
[Date "2012.05.03"]
[Round "6"]
[White "Lamahewa, C."]
[Black "Marinescu, Stefan"]
[Result "0-1"]
[WhiteElo "1837"]
[BlackElo "1970"]
[PlyCount "65"]
[EventDate "2012.04.28"]
[EventType "swiss"]
[EventRounds "9"]
[EventCountry "ROU"]
[SourceTitle "EXT 2013"]
[Source "ChessBase"]
[SourceDate "2012.11.22"]
[SourceVersion "1"]
[SourceVersionDate "2012.11.22"]
[SourceQuality "1"]

1. d4 Nf6 2. Bg5 e6 3. Bxf6 Qxf6 4. e3 c5 5. Nf3 d5 6. Be2 Nc6 7. 0-0 Bd6 8. c3 0-0 9. Na3 cxd4 10. Nb5 Bb8 11. cxd4 a6 12. Nc3 Bd6 13. a3 Na5 14. e4 dxe4 15. Nxe4 Qe7 16. Nxd6 Qxd6 17. Qd3 h6 18. Bd1 Nc6 19. Bc2 g6 20. Rfe1 Rd8 21. Rad1 b5 22. h4 h5 23. Qe3 Ra7 24. Ng5 Re8 25. Ne4 Qe7 26. Qf4 Kg7 27. Ng3 Rd7 28. Re3 Rh8 29. d5 e5 30. Qf3 Na5 31. Bf5 Rd6 32. Bxc8 Rxc8 33. Ne4 0-1

[Event "Ambalangoda Dhamso op 1st"]
[Site "Ambalangoda"]
[Date "2011.04.23"]
[Round "5"]
[White "Lamahewa, C."]
[Black "Chandrasiri, SAK"]
[Result "1/2-1/2"]
[WhiteElo "1868"]
[BlackElo "1658"]
[PlyCount "84"]
[EventDate "2011.04.21"]
[EventType "swiss"]
[EventRounds "9"]
[EventCountry "SRI"]
[SourceTitle "CBM 142 Extra"]
[Source "ChessBase"]
[SourceDate "2011.06.27"]
[SourceVersion "1"]
[SourceVersionDate "2011.06.27"]
[SourceQuality "1"]

1. e4 d5 2. exd5 Qxd5 3. d4 Nf6 4. c4 Qd8 5. Nc3 c6 6. Bf4 Bf5 7. Nf3 e6 8. Bd3 Bg6 9. a3 Nbd7 10. 0-0 Be7 11. Bxg6 hxg6 12. d5 Nh5 13. dxe6 Nxf4 14. exd7+ Qxd7 15. Qxd7+ Kxd7 16. Rad1+ Ke8 17. Rfe1 Rd8 18. Rxd8+ Kxd8 19. Ne5 Rf8 20. g3 Nh3+ 21. Kg2 Ng5 22. h4 Nh7 23. Ne4 Nf6 24. Ng5 Ke8 25. b4 Nd7 26. Nd3 Kd8 27. Ne4 f5 28. Nc3 g5 29. hxg5 Bxg5 30. Rd1 Kc7 31. Ne2 Re8 32. Nef4 b6 33. b5 Nc5 34. Nxc5 bxc5 35. Nh3 Bh6 36. bxc6 Kxc6 37. Rd3 Re4 38. Rc3 Kd6 39. f4 g6 40. Nf2 Re6 41. Kf3 Bg7 42. Rc2 Bd4 1/2-1/2

[Event "Ambalangoda Dhamso op 1st"]
[Site "Ambalangoda"]
[Date "2011.04.22"]
[Round "4"]
[White "Abhishek, Das"]
[Black "Lamahewa, C."]
[Result "1-0"]
[WhiteElo "2346"]
[BlackElo "1868"]
[PlyCount "45"]
[EventDate "2011.04.21"]
[EventType "swiss"]
[EventRounds "9"]
[EventCountry "SRI"]
[SourceTitle "CBM 142 Extra"]
[Source "ChessBase"]
[SourceDate "2011.06.27"]
[SourceVersion "1"]
[SourceVersionDate "2011.06.27"]
[SourceQuality "1"]

1. e4 e5 2. Nf3 Nc6 3. Nc3 Bc5 4. Nxe5 Bxf2+ 5. Kxf2 Nxe5 6. d4 Ng6 7. Bc4 d6 8. Rf1 Be6 9. Be2 h5 10. Kg1 h4 11. Bh5 Qe7 12. Nd5 Qd7 13. Bg5 N6e7 14. Nxe7 Nxe7 15. d5 g6 16. dxe6 fxe6 17. Bg4 0-0-0 18. Rf7 Rde8 19. Qd4 Nf5 20. exf5 Qxf7 21. fxe6 Qg8 22. Qxa7 c6 23. Rf1 1-0